Svojeť kultúrny časopis slovenský

Bibliographic Details
Corporate Author: Grafia (Praha, Česko) (Printer)
Format: Journal
Language:Slovak
PhysicalDescription:1 zv. 23 cm
Published: Praha Kultúrny spolok slovenský Svojeť Vydavateľstvo Veraikon (Emil Pacovský) 1922
Subjects:

MARC

LEADER 00000cas a2200000 a 4500
001 vtls010298646
003 SK-MaSNL
005 20260228163443.0
008 110809d19221922xr br p 0 b0slo
040 |a SNK  |b slo  |c SNK  |e AACR2 
041 0 |a slo 
044 |a xr  |c CZ 
072 2 |a 316.7  |x Sociológia kultúry. Kultúrny život  |2 konspekt 
072 2 |a 82  |x Literatúra. Literárny život  |2 konspekt 
080 |a 82  |2 2011 
080 |a 050  |2 2011 
080 |a 316.7  |2 2011 
080 |a 82(051)  |2 2011 
245 0 0 |a Svojeť  |b kultúrny časopis slovenský 
260 |a Praha  |b Kultúrny spolok slovenský Svojeť  |b Vydavateľstvo Veraikon (Emil Pacovský)  |c 1922 
300 |a 1 zv.  |c 23 cm 
310 |a 6x ročne 
362 0 |a Roč. I, soš. 1 (jan. 1922)-soš. 5/6 (nov. 1922)  |z Bg. Kipsová/1968 
500 |a Tlač. Grafia, robot. kníhtlačiareň a nakladateľstvo 
500 |a Zodp. red.: Janko Alexy 
500 |a Má priebežné číslovanie 
515 |a Niektoré čísla vychádzajú ako dvojčíslo 
650 0 7 |a literatúra  |2 SNKPH  |9 1427 
650 0 7 |a kultúra  |2 SNKPH  |9 886 
655 7 |a literárne časopisy  |2 SNKPH  |9 125450 
700 1 |a Alexy, Janko,  |d 1894-1970  |4 lso  |9 103027 
710 2 |a Grafia (Praha, Česko)  |4 prt  |9 274057 
910 |a savuk 
910 |a snmk 
910 |a snk 
916 |a 1922 
999 |c 9448  |d 11378 
952 |0 0  |1 0  |4 0  |7 0  |a SNK  |b SNK  |d 2001-02-16  |f 1  |i snk 4445/28  |l 0  |o snkČSC 151/1/1922  |p 17A0268572  |r 2005-01-02 00:00:00  |t č. 1-6  |w 2026-02-21  |y PREZ 
952 |0 0  |1 0  |4 0  |7 0  |8 4  |a SNK  |b SNK  |d 2004-11-30  |i snkČSK 437/56  |l 0  |o snkČSC 151/1/1922 D1  |p 17A0452213  |r 2005-01-02 00:00:00  |t č. 1-6  |w 2026-02-21  |y PREZ 
952 |0 0  |1 0  |4 0  |7 0  |8 4  |a SNK  |b SNK  |d 2005-04-12  |i snkČSK 180/56  |l 0  |o snkČSC 151/1/1922 D2  |p 17A0466171  |r 2026-02-21 21:21:17  |t č. 1-6, neúplný  |w 2026-02-21  |y PREZ  |z Chýba č. 4